Drive business performance (Record no. 77345)
[ view plain ]
| 000 -LEADER | |
|---|---|
| fixed length control field | 01673nam a2200409 a 4500 |
| 082 04 - DEWEY DECIMAL CLASSIFICATION NUMBER | |
| Classification number | 658.4/013 |
| 100 1# - MAIN ENTRY--AUTHOR NAME | |
| Personal name | Aziza, Bruno, |
| 245 10 - TITLE STATEMENT | |
| Title | Drive business performance |
| 260 ## - PUBLICATION, DISTRIBUTION, ETC. (IMPRINT) | |
| Place of publication | Hoboken, N.J. : |
| Name of publisher | John Wiley & Sons, |
| Year of publication | c2008. |
| 300 ## - PHYSICAL DESCRIPTION | |
| Number of Pages | xxxiv, 286 p. : |
| Other physical details | ill. |
| 490 1# - SERIES STATEMENT | |
| Series statement | Microsoft executive leadership series |
| 505 0# - FORMATTED CONTENTS NOTE | |
| Formatted contents note | The six stages of performance management -- Managing performance -- Monitor -- Analyze -- Plan -- Pull it all together: what's your organization's stage? |
| 650 #0 - SUBJECT ADDED ENTRY--TOPICAL TERM | |
| Topical Term | Management. |
| Topical Term | Performance. |
| Topical Term | Organizational effectiveness. |
| Topical Term | Industrial efficiency. |
| 700 1# - ADDED ENTRY--PERSONAL NAME | |
| Personal name | Fitts, Joey, |
| 856 40 - ELECTRONIC LOCATION AND ACCESS | |
| Uniform Resource Identifier | http://site.ebrary.com/lib/rucke/Doc?id=10296502 |
No items available.
